Score 0/16 Timer 02:00
15 Plays Today
3rd Letter States % Correct
AAlabama, Alaska, Idaho, Utah
96.4%
LCalifornia, Colorado, Delaware, Illinois, Oklahoma
80%
WHawaii, Iowa, New Hampshire, New Jersey, New Mexico, New York
77.9%
NConnecticut, Kansas, Kentucky, Minnesota, Montana, Pennsylvania, Tennessee
76.5%
SMassachusetts, Mississippi, Missouri, Washington, West Virginia, Wisconsin
73%
IArizona, Maine, Ohio
68.1%
RMaryland, North Carolina, North Dakota, Vermont, Virginia
67.8%
OFlorida, Georgia, Rhode Island, Wyoming
67.4%
3rd Letter States % Correct
XTexas
67.2%
BNebraska
59.6%
VNevada
53.9%
ULouisiana, South Carolina, South Dakota
53.1%
KArkansas
50.1%
EOregon
48.1%
CMichigan
41.3%
DIndiana
39.7%
Remove Ads.
Support Sporcle.
Get the best of Sporcle when you Go Orange. This ad-free experience offers more features, more stats, and more fun while also helping to support Sporcle. Thank you for becoming a member.

You're not logged in!

Compare scores with friends on all Sporcle quizzes.
OR
Log In

Sporcle TV

Today on Sporcle TV


Watch our educational content, quiz creation guides, and fun videos on Sporcle TV.

Show Comments

Extras

Top Quizzes Today


Score Distribution

Paid Content

Your Account Isn't Verified!

In order to create a playlist on Sporcle, you need to verify the email address you used during registration. Go to your Sporcle Settings to finish the process.

Report this User

Report this user for behavior that violates our Community Guidelines.

Details: